Normal view MARC view

Entry Personal Name

Number of records used in: 1

001 - CONTROL NUMBER

  • control field: 54652

003 - CONTROL NUMBER IDENTIFIER

  • control field: dpl

005 - DATE AND TIME OF LATEST TRANSACTION

  • control field: 20130107160138.0

008 - FIXED-LENGTH DATA ELEMENTS

  • fixed length control field: 130107|||a|||||| | ||| d

040 ## - CATALOGING SOURCE

  • Original cataloging agency: dpl
  • Transcribing agency: dpl

100 ## - HEADING--PERSONAL NAME

  • Personal name: ا ی .اے .حيد ر ی

670 ## - SOURCE DATA FOUND

  • Source citation: Work cat.: (dpl)70347: ا ی .اے .حيد ر ی, آ ز ا دی کے بعد ا ر د و شا عر ی کے ا ر تقاءمين غير مسلم شعر اءکا حصہ, 2011

670 ## - SOURCE DATA FOUND

  • Source citation: Work cat.: (dpl)70347: ا ی .اے .حيد ر ی, آ ز ا دی کے بعد ا ر د و شا عر ی کے ا ر تقاءمين غير مسلم شعر اءکا حصہ, 2011

© Delhi Public Library
Hit Counter
free hit counter